Renewable energy in Kenya / (Record no. 2951)
[ view plain ]
| 000 -LEADER | |
|---|---|
| fixed length control field | 00765nam a2200253 a 4500 |
| 001 - CONTROL NUMBER | |
| control field | 2941019 |
| 003 - CONTROL NUMBER IDENTIFIER | |
| control field | OSt |
| 005 - DATE AND TIME OF LATEST TRANSACTION | |
| control field | 20230629081535.0 |
| 008 - FIXED-LENGTH DATA ELEMENTS--GENERAL INFORMATION | |
| fixed length control field | 891215s1987 ke af 000 0 eng |
| 010 ## - LIBRARY OF CONGRESS CONTROL NUMBER | |
| LC control number | 89981047 |
| 020 ## - INTERNATIONAL STANDARD BOOK NUMBER | |
| International Standard Book Number | 9966984003 |
| 040 ## - CATALOGING SOURCE | |
| Original cataloging agency | DLC |
| Transcribing agency | DLC |
| 043 ## - GEOGRAPHIC AREA CODE | |
| Geographic area code | f-ke--- |
| 050 00 - LIBRARY OF CONGRESS CALL NUMBER | |
| Classification number | TJ808.7.K4 |
| Item number | H36 1987 |
| 082 00 - DEWEY DECIMAL CLASSIFICATION NUMBER | |
| Classification number | 333.79/4/096762 |
| Edition number | 20 |
| Item number | HAN |
| 100 1# - MAIN ENTRY--PERSONAL NAME | |
| Personal name | Hankins, Mark. |
| 245 10 - TITLE STATEMENT | |
| Title | Renewable energy in Kenya / |
| Statement of responsibility, etc. | Mark Hankins. |
| 260 ## - PUBLICATION, DISTRIBUTION, ETC. (IMPRINT) | |
| Place of publication, distribution, etc. | Nairobi, Kenya : |
| Name of publisher, distributor, etc. | Motif Creative Arts, |
| Date of publication, distribution, etc. | c1987. |
| 300 ## - PHYSICAL DESCRIPTION | |
| Extent | 152 p., [1] leaf of plates : |
| Other physical details | ill. ; |
| Dimensions | 30 cm. |
| 650 #0 - SUBJECT ADDED ENTRY--TOPICAL TERM | |
| Topical term or geographic name as entry element | Renewable energy sources |
| Geographic subdivision | Kenya. |
| 906 ## - LOCAL DATA ELEMENT F, LDF (RLIN) | |
| a | 7 |
| b | cbc |
| c | orignew |
| d | 3 |
| e | ncip |
| f | 19 |
| g | y-gencatlg |
| 942 ## - ADDED ENTRY ELEMENTS (KOHA) | |
| Source of classification or shelving scheme | Dewey Decimal Classification |
| Koha item type | Books |
No items available.
